000 01014nam0a22002651 4500
001 rc\500910
005 20030616171806.6
035 _a(NLR Aleph) 005741925
090 _a4748118
_c4748118
100 _a20030616d1988 u |0rusy50 ca
101 0 _arus
102 _aRU
105 _aa |||||||||
200 1 _aВОЛНОВОДНЫЕ линии передач для субмиллиметровых лазерных интерферометров
_f[В.Л. Бережный, В.И. Кононенко, В.А. Епишин и др.]
210 _aМ.
_cЦНИИатоминформ
_d1988
215 _a[1], 37 с.
_cил.
_d20
225 1 _aПрепринт
_fХарьк. физ.-техн. ин-т АН УССР
_vХФТИ 88-18
300 _aРез. на англ. яз.
320 _aБиблиогр.: с. 28-31
701 1 _aБережный
_bВ. Л.
_gВладимир Лукьянович
801 0 _aRU
_bNLR
_gpsbo
801 1 _aRU
_bELAR
_2rusmarc
852 _aNLR
_j88-4/26397
942 _cBOOK
980 _aNB